Využitie metód viackriteriálnej analýzy pri hodnotení cestovného ruchu na Slovensku diplomová práca

Enregistré dans:
Détails bibliographiques
Auteur principal: Majerská, Miroslava
Collectivité auteur: Podnikovohospodárska fakulta EU so sídlom v Košiciach. Katedra kvantitatívnych metód
Autres auteurs: Coroničová Hurajová, Jana, 1986-
Format: Livre
Langue:slovaque
Publié: Košice 2021
Tags: Ajouter un tag
Pas de tags, Soyez le premier à ajouter un tag!

MARC

LEADER 00000nbm a2200000 4500
001 0274106
005 20220401112157.1
041 0 |a slo 
044 |a SK 
245 1 0 |a Využitie metód viackriteriálnej analýzy pri hodnotení cestovného ruchu na Slovensku  |b diplomová práca  |c Miroslava Majerská ; školiteľ: Jana Coroničová Hurajová 
264 1 |a Košice  |c 2021 
300 |a 69 s. 
100 1 |a Majerská, Miroslava 
700 1 |a Coroničová Hurajová, Jana, 1986- 
710 2 |a Podnikovohospodárska fakulta EU so sídlom v Košiciach. Katedra kvantitatívnych metód